| 000 | 00867nam a22002417a 4500 | ||
|---|---|---|---|
| 999 |
_c6126 _d6126 |
||
| 003 | AR-CdUCM | ||
| 008 | 190313b ||||| |||| 00| 0 spa d | ||
| 040 |
_aMUNICIPALIDAD PROVINCIAL DEL CUSCO _cBIBLIOTECA MUNICIPAL DEL CUSCO |
||
| 082 |
_a869.508 / _bI94 |
||
| 100 |
_aIberico, Mariano _917771 |
||
| 245 | _aNotas sobre el paisaje de la sierra / | ||
| 260 |
_aLima : _bEditorial Universitaria, _c1963. |
||
| 300 |
_a92 páginas ; _c17 cm. |
||
| 440 |
_aPrimera serie de cultura popular. _917772 |
||
| 500 | _aDonación familia Nieto | ||
| 505 | _aContenido: Mito y paisaje -- El ritmo del paisaje serrano -- La noche -- La luz -- Las nubes -- La lluvia -- Los eucaliptos -- Los cactus... | ||
| 650 |
_aEnsayos peruanos _9233 |
||
| 650 |
_aEnsayos descriptivos _99887 |
||
| 650 |
_aPerú _935 |
||
| 650 |
_aSiglo XX _98 |
||
| 942 |
_2ddc _cLIBROS |
||
| 945 | _adavv | ||